000
00270nam a22001217a 4500
020
_a
9788176222235
082
_a
631.5873
_b
YAD/SP
245
_a
Sprinkler irrigation
260
_a
Delhi
_b
Biotech Books
_c
2011
300
_a
270 p
700
_a
Yadav,S.N
_9
334
942
_c
BK
999
_c
13787
_d
13787